Địa chất cơ sở = Physical geology
Sách gồm 20 chương trình bày các vấn đề cơ bản của quả đất: từ nguồn gốc, thành phần vật chất đến cấu trúc trái đất.
Đã lưu trong:
| Príomhúdar: | |
|---|---|
| Formáid: | Leabhar |
| Teanga: | Undetermined |
| Foilsithe: |
Thành phố Hồ Chí Minh
Đại học Quốc gia Thành phố Hồ Chí Minh
2002
|
| Ábhair: | |
| Clibeanna: |
Cuir Clib Leis
Gan Chlibeanna, Bí ar an gcéad duine leis an taifead seo a chlibeáil!
|
| Thư viện lưu trữ: | Trung tâm Học liệu Trường Đại học Cần Thơ |
|---|
| LEADER | 00871nam a2200217Ia 4500 | ||
|---|---|---|---|
| 001 | CTU_64693 | ||
| 008 | 210402s9999 xx 000 0 und d | ||
| 020 | |b 45000 | ||
| 082 | |a 551 | ||
| 082 | |b J93 | ||
| 100 | |a Judson, Sheldon | ||
| 245 | 0 | |a Địa chất cơ sở = | |
| 245 | 0 | |b Physical geology | |
| 245 | 0 | |c Sheldon Judson, Marvin E Kauffman; Huỳnh Thị Minh Hằng ... [et al.] biên dịch | |
| 260 | |a Thành phố Hồ Chí Minh | ||
| 260 | |b Đại học Quốc gia Thành phố Hồ Chí Minh | ||
| 260 | |c 2002 | ||
| 520 | |a Sách gồm 20 chương trình bày các vấn đề cơ bản của quả đất: từ nguồn gốc, thành phần vật chất đến cấu trúc trái đất. | ||
| 650 | |a Geology | ||
| 904 | |i Minh | ||
| 980 | |a Trung tâm Học liệu Trường Đại học Cần Thơ | ||